| Поле | Название | Значение |
| |
Тип записи |
a |
| |
Библиографический уровень |
m |
| 001 |
Контрольный номер |
eb0a6800b7004ef086626e573783c52c |
| 005 |
Дата корректировки |
20201206205209.0 |
| 010 |
Индекс ISBN |
__ |
| a |
ISBN |
978-5-04-097010-0 (в пер.) |
| d |
Цена |
756-80, 3000 экз. |
| 100 |
Данные общей обработки |
__ |
| a |
Данные общей обработки |
19190808d2019||||||| 0rusy0189 ca |
| 101 |
Язык документа |
0_ |
| a |
Язык текста |
rus |
| 102 |
Страна публикации |
__ |
| a |
Страна публикации |
ru |
| 102 |
Страна публикации |
__ |
| a |
Страна публикации |
RU |
| 105 |
Кодированные данные (монография) |
__ |
| a |
Кодированные данные (монография) |
|||||||||||zy |
| 200 |
Заглавие и сведения об ответственности |
1_ |
| a |
Заглавие |
Апокалипсис в искусстве |
| e |
Сведения, относящиеся к заглавию |
путешествие к Армагеддону |
| f |
Первые сведения об ответственности |
Софья Багдасарова |
| b |
Общее обозначение материала |
Текст |
| 210 |
Выходные данные |
__ |
| a |
Место издания |
Москва |
| c |
Издательство |
Бомбора™ |
| c |
Издательство |
ЭКСМО |
| d |
Дата издания |
2019 |
| 215 |
Физическое описание |
__ |
| a |
Объем |
285, [1] с. |
| c |
Иллюстрации/тип воспроизводства |
цв. ил. |
| d |
Формат |
24 см |
| 225 |
Серия |
__ |
| a |
Серия |
Искусство с блогерами |
| 330 |
Аннотация |
__ |
| a |
Аннотация |
Книга "Апокалипсис", или "Откровение Иоанна Богослова" – самая загадочная и сложная часть Нового Завета. Эта книга состоит из видений и пророчеств, она наполнена чудищами и катастрофами. Богословы, историки и филологи написали множество томов с ее толкованиями и комментариями. А искусствоведы говорят, что "Откровение" уникально в том, что это "единственная книга Библии, в которой проиллюстрирована каждая строчка, или хотя бы абзац". Произведения, которые сопровождают каждую страницу, создавались с III века до начала ХХ века художниками всех главных христианских конфессий. И действительно проиллюстрировали каждый абзац. Это издание включает в себя полный текст "Апокалипсиса" по главам с комментариями Софьи Багдасаровой, а также более 100 шедевров мировой живописи, которые его иллюстрируют. Автор расскажет что изображено на картинке или рисунке, на что стоит обратить внимание - теперь одна из самых таинственных и мистических книг стала ближе. Итак, давайте отправимся на экскурсию в музей христианского Апокалипсиса! |
| 517 |
Другие варианты заглавия |
__ |
| a |
Другие варианты заглавия |
Путешествие к Армагеддону |
| 606 |
Тематические рубрики |
__ |
| a |
Основная рубрика |
Изобразительное искусство и архитектура |
| 606 |
Тематические рубрики |
__ |
| a |
Основная рубрика |
История живописи |
| 606 |
Тематические рубрики |
__ |
| a |
Основная рубрика |
Религия. Мистика. Свободомыслие |
| 606 |
Тематические рубрики |
__ |
| a |
Основная рубрика |
Христианство в целом |
| 610 |
Ключевые слова |
__ |
| a |
Ключевые слова |
картины |
| 610 |
Ключевые слова |
__ |
| a |
Ключевые слова |
произведения искусства |
| 610 |
Ключевые слова |
__ |
| a |
Ключевые слова |
мировое искусство |
| 610 |
Ключевые слова |
__ |
| a |
Ключевые слова |
стихи |
| 610 |
Ключевые слова |
__ |
| a |
Ключевые слова |
стихотворения |
| 610 |
Ключевые слова |
__ |
| a |
Ключевые слова |
репродукции |
| 610 |
Ключевые слова |
__ |
| a |
Ключевые слова |
катастрофы |
| 610 |
Ключевые слова |
__ |
| a |
Ключевые слова |
апокалипсис |
| 610 |
Ключевые слова |
__ |
| a |
Ключевые слова |
тема апокалипсиса |
| 610 |
Ключевые слова |
__ |
| a |
Ключевые слова |
видения |
| 610 |
Ключевые слова |
__ |
| a |
Ключевые слова |
пророчества |
| 610 |
Ключевые слова |
__ |
| a |
Ключевые слова |
толкование текстов |
| 610 |
Ключевые слова |
__ |
| a |
Ключевые слова |
мировая живопись |
| 610 |
Ключевые слова |
__ |
| a |
Ключевые слова |
Новый Завет |
| 610 |
Ключевые слова |
__ |
| a |
Ключевые слова |
апокалиптические книги |
| 610 |
Ключевые слова |
__ |
| a |
Ключевые слова |
Армагеддон |
| 610 |
Ключевые слова |
__ |
| a |
Ключевые слова |
библейские сюжеты |
| 610 |
Ключевые слова |
__ |
| a |
Ключевые слова |
шедевры живописи |
| 686 |
Индексы других классификаций |
__ |
| 2 |
Код системы |
rubbks |
| a |
Классификационный индекс |
85.143(0) |
| 686 |
Индексы других классификаций |
__ |
| 2 |
Код системы |
rubbks |
| a |
Классификационный индекс |
86.37-22,041.4 |
| 700 |
Автор |
_1 |
| a |
Фамилия |
Багдасарова |
| b |
Имя |
С. А. |
| g |
Полное личное имя |
София Андреевна |
| 4 |
Код отношения |
070 |
| 801 |
Источник записи |
_0 |
| a |
Страна |
ru |
| b |
Организация |
Муниципальное бюджетное учреждение культуры "Централизованная библиотечная система" г. Сургут (Центральная городская библиотека им. А. С. Пушкина) |
| c |
Дата составления |
20190808 |
| g |
Правила каталогизации |
PSBO |
| 801 |
Источник записи |
_1 |
| a |
Страна |
ru |
| b |
Организация |
Муниципальное бюджетное учреждение культуры "Централизованная библиотечная система" г. Сургут (Центральная городская библиотека им. А. С. Пушкина) |
| c |
Дата составления |
20190808 |
| g |
Правила каталогизации |
PSBO |
| 852 |
Данные о местонахождении |
__ |
| j |
Шифр хранения |
85.143(0) |
| i |
Авторский знак |
Б 14 |
| 901 |
Тип документа |
__ |
| a |
Ответственный |
КиК/Мамарузиева |
| t |
Тип документа |
m |
| 903 |
Характеристики (МАРС) |
__ |
| a |
Дата передачи |
20190808 |
| 990 |
Данные о заказе (DOS) |
__ |
| j |
Количество экземпляров (DOS) |
1 |
| t |
N записи в КСУ для И/У (DOS) |
201908 |